Математические основы малоизученных аномальных физических явлений: нелинейная электродинамика, ядерная физика, общая теория относительности, космология

Bibliografiske detaljer
Hovedforfatter: Рабинович А. С. Александр Соломонович
Summary:Настоящая книга посвящена аномальным явлениям, встречающимся в природе и не получившим объяснения в рамках известных физических теорий. Для их изучения автором разработаны новые математические подходы, опирающиеся на нелинейные обобщения классических теорий. Показано, что нелинейные уравнения предложенных теорий находятся в согласии с имеющимися эксперименталь ными данными и позволяют дать объяснение целому ряду загадочных физических явлений. Книга рассчитана на широкий круг читателей, знакомых с основами классической теории поля, квантовой механики и теории относительности, и может служить основой для общего курса лекций, а также спецкурсов, посвященных нелинейной электродинамике, ядерной физике, релятивистской теории гравитации и космологии.
Sprog:russisk
Udgivet: Москва, Либроком, 2013
Fag:
Format: MixedMaterials Bog
KOHA link:https://koha.lib.tpu.ru/cgi-bin/koha/opac-detail.pl?biblionumber=222418

MARC

LEADER 00000nam0a2200000 4500
001 222418
005 20231101230449.0
010 |a 9785397032247 
035 |a (RuTPU)RU\TPU\book\242629 
090 |a 222418 
100 |a 20120924d2013 m y0rusy50 ca 
101 0 |a rus 
102 |a RU 
105 |a y z 001zy 
200 1 |a Математические основы малоизученных аномальных физических явлений: нелинейная электродинамика, ядерная физика, общая теория относительности, космология  |f А. С. Рабинович 
210 |a Москва  |c Либроком  |d 2013 
215 |a 327 с. 
320 |a Библиогр.: с. 323-327. 
330 |a Настоящая книга посвящена аномальным явлениям, встречающимся в природе и не получившим объяснения в рамках известных физических теорий. Для их изучения автором разработаны новые математические подходы, опирающиеся на нелинейные обобщения классических теорий. Показано, что нелинейные уравнения предложенных теорий находятся в согласии с имеющимися эксперименталь ными данными и позволяют дать объяснение целому ряду загадочных физических явлений. Книга рассчитана на широкий круг читателей, знакомых с основами классической теории поля, квантовой механики и теории относительности, и может служить основой для общего курса лекций, а также спецкурсов, посвященных нелинейной электродинамике, ядерной физике, релятивистской теории гравитации и космологии. 
606 1 |a Физические явления, аномальные  |2 stltpush  |3 (RuTPU)RU\TPU\subj\71961  |9 85617 
610 1 |a нелинейная электродинамика 
610 1 |a ядерная физика 
610 1 |a теория относительности 
610 1 |a космология 
610 1 |a теория Янга-Миллса 
610 1 |a электрические явления 
610 1 |a электромагнитные процессы 
610 1 |a ядерные взаимодействия 
610 1 |a нуклоны 
610 1 |a легкие ядра 
610 1 |a квантовые уравнения 
610 1 |a геометрия Вейля 
610 1 |a гравитация 
675 |a 530.1  |v 3 
700 1 |a Рабинович  |b А. С.  |g Александр Соломонович 
801 1 |a RU  |b 63413507  |c 20120924 
801 2 |a RU  |b 63413507  |c 20121126  |g RCR 
942 |c BK 
959 |a 120/20120924  |d 1  |e 342,87  |f ЧЗТЛ:1